Partial differential equations of mathematical physics and integral equations

Αποθηκεύτηκε σε:
Λεπτομέρειες βιβλιογραφικής εγγραφής
Κύριος συγγραφέας: Guenther, Ronald B.
Άλλοι συγγραφείς: Lee, John W. 1942-
Μορφή: Βιβλίο
Γλώσσα:English
Δημοσίευση: New York : Dover pub., 1996
Σειρά:Dover books on mathematics
Θέματα:
Ετικέτες: Προσθήκη ετικέτας
Δεν υπάρχουν, Καταχωρήστε ετικέτα πρώτοι!

MARC

LEADER 00000nam a2200000 i 4500
001 1/75995
008 990329s1996 eng d
020 |a 0-486-68889-5 
035 |l 10049484 
040 |a GR-MY-UA  |b gre  |e aacr 
041 0 |a eng 
082 0 |a 530.155353 
100 1 |a Guenther, Ronald B. 
245 1 0 |a Partial differential equations of mathematical physics and integral equations /  |c Ronald B. Guenther and John W. Lee 
260 |a New York :   |b Dover pub.,   |c 1996 
300 |a xii, 562 p.;  |b ill.;  |c 24 cm. 
490 1 |a Dover books on mathematics 
500 |a Includes bibliographical references and index 
650 0 0 |a Differential equations, Partial. 
650 0 0 |a Integral equations. 
650 0 0 |a Mathematical physics. 
700 1 |a Lee, John W.  |d 1942- 
830 0 |a Dover books on mathematics 
852 |a INST  |b SAMOS  |e 19990329  |h 530.155353 GUE  |p 005300014917  |q 005300014917  |t BK  |y 0 
901 |a BIBL-1999-1 
909 |a Σ  |b 064481 
922 |a 3ΕΛΗ  |b 199901  |c ΚΠΣ  |d GLORY